Search the Library Catalogue
| 000 -LEADER | |
|---|---|
| fixed length control field | 00628nam a2200217Ia 4500 |
| 008 - FIXED-LENGTH DATA ELEMENTS--GENERAL INFORMATION | |
| fixed length control field | 191130s1999##################000#0#eng## |
| 020 ## - INTERNATIONAL STANDARD BOOK NUMBER | |
| ISBN | 9780873228534 |
| 082 ## - DEWEY DECIMAL CLASSIFICATION NUMBER | |
| Classification number | 338.4791 STA |
| 100 ## - MAIN ENTRY--AUTHOR NAME | |
| Personal name | Standeven, Joy |
| 245 ## - TITLE STATEMENT | |
| Title | Sport tourism |
| Statement of responsibility, etc | Joy Standeven, Paul De Knop |
| 260 ## - PUBLICATION, DISTRIBUTION, ETC. (IMPRINT) | |
| Place of publication | Champaign, IL |
| Name of publisher | Human Kinetics |
| Year of publication | c1999 |
| 300 ## - PHYSICAL DESCRIPTION | |
| Number of Pages | viii, 367 p. : ill. ; 24 cm |
| 500 ## - GENERAL NOTE | |
| General note | Includes bibliographical references and index |
| 650 ## - SUBJECT ADDED ENTRY--TOPICAL TERM | |
| Topical Term | Sports and tourism |
| 700 ## - ADDED ENTRY--PERSONAL NAME | |
| Personal name | Knop, Paul de |
| 991 ## - | |
| -- | 208400 |
| Withdrawn status | Lost status | Damaged status | Not for loan | Home library | Current library | Shelving location | Date acquired | Full call number | Accession Number | Price effective from | Koha item type |
|---|---|---|---|---|---|---|---|---|---|---|---|
| Anna Centenary Library | Anna Centenary Library | 4TH FLOOR, A WING | 15.10.2020 | 338.4791 STA | 371837 | 15.10.2020 | English Books |